000 00249nam a2200109Ia 4500
008 190912s9999||||xx |||||||||||||| ||und||
100 _aBrady,Beran
245 0 _aGeneral Chemistry
260 _aNew york
_bPrentice
_c1886
300 _a591
942 _cBK
999 _c7124
_d7124